[Event "European School Championships"]
[Site "Rhodes, Greece"]
[Date "2022.04.22"]
[Round "2.1"]
[White "Erdogmus, Yagiz Kaan"]
[Black "Rida, Ruqayyah"]
[Result "1-0"]
[WhiteElo "2358"]
[BlackElo "1471"]
[PlyCount "61"]
[EventDate "2022.04.21"]
[EventRounds "9"]

1. Nf3 {[%emt 0:00:15]} Nf6 {[%emt 0:00:08]} 2. g3 {[%emt 0:00:09]} g6 {
[%emt 0:00:06]} 3. b3 {[%emt 0:00:11]} Bg7 {[%emt 0:00:09]} 4. Bb2 {[%emt 0:00:
14]} O-O {[%emt 0:00:11]} 5. Bg2 {[%emt 0:00:09]} d5 {[%emt 0:00:19]} 6. c4 {
[%emt 0:02:49]} Nc6 {[%emt 0:02:11]} 7. O-O {[%emt 0:06:27]} Re8 {[%emt 0:02:
49]} 8. cxd5 {[%emt 0:02:17]} Nxd5 {[%emt 0:00:39]} 9. Bxg7 {[%emt 0:02:07]}
Kxg7 {[%emt 0:00:14]} 10. d4 {[%emt 0:13:53]} e6 {[%emt 0:03:29]} 11. e4 {
[%emt 0:00:16]} Nde7 {[%emt 0:01:07]} 12. Nc3 {[%emt 0:01:12]} f5 {[%emt 0:02:
11]} 13. Re1 {[%emt 0:10:48]} fxe4 {[%emt 0:09:02]} 14. Rxe4 {[%emt 0:00:24]}
Nf5 {[%emt 0:02:17]} 15. Qd2 {[%emt 0:04:04]} h6 {[%emt 0:07:09]} 16. Rae1 {
[%emt 0:04:15]} Bd7 {[%emt 0:03:36]} 17. Qb2 {[%emt 0:00:50]} Qf6 {[%emt 0:06:
29]} 18. Rf4 {[%emt 0:03:50]} Kh7 {[%emt 0:19:25]} 19. Ne5 {[%emt 0:01:16]}
Nxe5 {[%emt 0:07:14]} 20. dxe5 {[%emt 0:00:05]} Qe7 {[%emt 0:00:33]} 21. Ne4 {
[%emt 0:01:45]} Red8 {[%emt 0:02:39]} 22. Nf6+ {[%emt 0:01:07]} Kh8 {[%emt 0:
02:02]} 23. Bxb7 {[%emt 0:00:38]} Rab8 {[%emt 0:00:21]} 24. Be4 {[%emt 0:01:26]
} g5 {[%emt 0:01:15]} 25. Rg4 {[%emt 0:03:21]} Qb4 {[%emt 0:05:11]} 26. Rc1 {
[%emt 0:07:21]} Qa5 {[%emt 0:02:25]} 27. Bxf5 {[%emt 0:01:00]} Bc6 {[%emt 0:06:
23]} 28. Rd4 {[%emt 0:07:10]} exf5 {[%emt 0:05:42]} 29. e6 {[%emt 0:00:58]} Kg7
{[%emt 0:02:20]} 30. Rxd8 {[%emt 0:00:07]} Rxd8 {[%emt 0:00:16]} 31. Ne8+ 1-0

[Event "European School Championships"]
[Site "Rhodes, Greece"]
[Date "2022.04.22"]
[Round "2.2"]
[White "Tatvidze, Davit"]
[Black "Kuru, Atilla"]
[Result "0-1"]
[WhiteElo "1440"]
[BlackElo "2029"]
[PlyCount "84"]
[EventDate "2022.04.21"]
[EventRounds "9"]

1. c4 {[%emt 0:00:02]} c5 {[%emt 0:00:10]} 2. Nc3 {[%emt 0:00:11]} Nc6 {
[%emt 0:00:04]} 3. g3 {[%emt 0:00:07]} g6 {[%emt 0:00:05]} 4. Bg2 {[%emt 0:00:
21]} Bg7 {[%emt 0:00:02]} 5. d3 {[%emt 0:00:12]} Nf6 {[%emt 0:00:08]} 6. e4 {
[%emt 0:00:06]} d6 {[%emt 0:00:11]} 7. Nge2 {[%emt 0:00:06]} O-O {[%emt 0:00:
15]} 8. O-O {[%emt 0:00:08]} a6 {[%emt 0:00:26]} 9. Rb1 {[%emt 0:00:17]} Rb8 {
[%emt 0:00:04]} 10. f4 {[%emt 0:00:38]} Qc7 {[%emt 0:00:48]} 11. a4 {[%emt 0:
01:27]} e6 {[%emt 0:01:08]} 12. h3 {[%emt 0:00:39]} h5 {[%emt 0:00:23]} 13. Be3
{[%emt 0:00:10]} Rd8 {[%emt 0:00:22]} 14. b3 {[%emt 0:02:35]} Qa5 {[%emt 0:01:
56]} 15. Bd2 {[%emt 0:02:16]} Qb6 {[%emt 0:01:00]} 16. Be3 {[%emt 0:02:35]} Qa5
{[%emt 0:23:33]} 17. Qe1 {[%emt 0:02:27]} Nd7 {[%emt 0:07:16]} 18. Bd2 {
[%emt 0:00:38]} Qc7 {[%emt 0:00:40]} 19. g4 {[%emt 0:00:36]} hxg4 {[%emt 0:00:
07]} 20. hxg4 {[%emt 0:00:06]} Nd4 {[%emt 0:05:54]} 21. Be3 {[%emt 0:00:41]}
Nc2 {[%emt 0:00:30]} 22. Qd2 {[%emt 0:00:09]} Nxe3 {[%emt 0:00:07]} 23. Qxe3 {
[%emt 0:00:05]} Qb6 {[%emt 0:00:50]} 24. Qg3 {[%emt 0:01:06]} Qb4 {[%emt 0:02:
04]} 25. Nd1 {[%emt 0:01:36]} b5 {[%emt 0:00:17]} 26. axb5 {[%emt 0:12:27]}
axb5 {[%emt 0:00:09]} 27. f5 {[%emt 0:00:46]} exf5 {[%emt 0:02:28]} 28. exf5 {
[%emt 0:01:14]} Ne5 {[%emt 0:04:41]} 29. Ndc3 {[%emt 0:04:15]} Nxg4 {[%emt 0:
14:50]} 30. Nd5 {[%emt 0:02:58]} Qd2 {[%emt 0:00:05]} 31. Ne7+ {[%emt 0:12:16]}
Kf8 {[%emt 0:00:02]} 32. Nxg6+ {[%emt 0:00:52]} fxg6 {[%emt 0:00:22]} 33. Qxg4
{[%emt 0:00:16]} Qe3+ {[%emt 0:02:41]} 34. Kh1 {[%emt 0:08:45]} gxf5 {[%emt 0:
02:08]} 35. Rxf5+ {[%emt 0:00:40]} Bxf5 {[%emt 0:00:03]} 36. Qxf5+ Ke7 {
[%emt 0:00:54]} 37. Nf4 {[%emt 0:01:37]} Rh8+ {[%emt 0:00:07]} 38. Nh3 {
[%emt 0:01:58]} Rbf8 {[%emt 0:01:01]} 39. Qe4+ {[%emt 0:01:38]} Qxe4 {[%emt 0:
00:10]} 40. dxe4 {[%emt 0:00:07]} b4 {[%emt 0:00:59]} 41. Rg1 {[%emt 0:02:06]}
Bd4 {[%emt 0:00:24]} 42. Rb1 {[%emt 0:00:31]} Rf2 {[%emt 0:00:27]} 0-1

[Event "European School Championships"]
[Site "Rhodes, Greece"]
[Date "2022.04.22"]
[Round "2.3"]
[White "Migalko, Dmitriy"]
[Black "Murawski, Jan"]
[Result "0-1"]
[WhiteElo "1694"]
[BlackElo "1439"]
[PlyCount "82"]
[EventDate "2022.04.21"]
[EventRounds "9"]

1. e4 {[%emt 0:00:01]} e5 {[%emt 0:00:05]} 2. Nf3 {[%emt 0:00:05]} Nc6 {
[%emt 0:00:06]} 3. d4 {[%emt 0:00:08]} exd4 {[%emt 0:00:06]} 4. Bc4 {[%emt 0:
00:08]} Nf6 {[%emt 0:00:09]} 5. O-O {[%emt 0:00:11]} Nxe4 {[%emt 0:01:51]} 6.
Re1 {[%emt 0:00:12]} d5 {[%emt 0:00:05]} 7. Bxd5 {[%emt 0:00:06]} Qxd5 {
[%emt 0:00:06]} 8. Nc3 {[%emt 0:00:09]} Qh5 {[%emt 0:00:19]} 9. Nxe4 {[%emt 0:
00:35]} Be7 {[%emt 0:00:59]} 10. Bg5 {[%emt 0:01:28]} Be6 {[%emt 0:04:02]} 11.
Bxe7 {[%emt 0:01:22]} Kxe7 {[%emt 0:03:01]} 12. Nxd4 {[%emt 0:04:26]} Qxd1 13.
Nxc6+ {[%emt 0:03:32]} bxc6 {[%emt 0:00:09]} 14. Raxd1 {[%emt 0:00:07]} Rad8 {
[%emt 0:01:04]} 15. a3 {[%emt 0:05:44]} Rd5 {[%emt 0:06:27]} 16. b4 {[%emt 0:
15:20]} Rhd8 {[%emt 0:02:40]} 17. Nc3 {[%emt 0:03:10]} Rd2 {[%emt 0:01:34]} 18.
Rxd2 {[%emt 0:09:50]} Rxd2 {[%emt 0:00:11]} 19. Re2 {[%emt 0:00:08]} Rxe2 {
[%emt 0:01:55]} 20. Nxe2 {[%emt 0:00:18]} Kd6 {[%emt 0:01:05]} 21. Kf1 {
[%emt 0:01:19]} c5 {[%emt 0:13:25]} 22. bxc5+ {[%emt 0:17:14]} Kxc5 {[%emt 0:
00:38]} 23. Ke1 {[%emt 0:00:12]} Bc4 {[%emt 0:19:21]} 24. Nc3 {[%emt 0:04:10]}
Kd4 {[%emt 0:00:18]} 25. Kd2 {[%emt 0:00:11]} f5 {[%emt 0:03:46]} 26. f3 {
[%emt 0:03:26]} Bf1 {[%emt 0:02:08]} 27. g3 {[%emt 0:00:09]} g5 {[%emt 0:06:28]
} 28. Nd1 {[%emt 0:05:37]} f4 {[%emt 0:10:58]} 29. g4 {[%emt 0:00:36]} Bb5 {
[%emt 0:01:38]} 30. Nb2 {[%emt 0:03:04]} Bc6 {[%emt 0:01:56]} 31. c3+ {[%emt 0:
00:09]} Kc5 {[%emt 0:01:46]} 32. Ke2 {[%emt 0:02:11]} Bb5+ {[%emt 0:00:23]} 33.
Kd2 {[%emt 0:02:00]} a5 {[%emt 0:00:52]} 34. Kc2 {[%emt 0:02:06]} Be2 {[%emt 0:
01:41]} 35. Nd3+ {[%emt 0:00:27]} Bxd3+ {[%emt 0:01:18]} 36. Kxd3 {[%emt 0:00:
07]} Kb5 {[%emt 0:00:09]} 37. Kc2 {[%emt 0:03:32]} Kc4 {[%emt 0:01:04]} 38. h3
{[%emt 0:01:08]} a4 {[%emt 0:00:15]} 39. Kd2 {[%emt 0:03:17]} Kb3 {[%emt 0:00:
40]} 40. Kd3 {[%emt 0:00:13]} Kxa3 {[%emt 0:00:15]} 41. Kc2 {[%emt 0:00:28]} h6
{[%emt 0:00:53]} 0-1

[Event "European School Championships"]
[Site "Rhodes, Greece"]
[Date "2022.04.22"]
[Round "2.4"]
[White "Bryant, Harry"]
[Black "Grose, Kameron"]
[Result "1/2-1/2"]
[WhiteElo "1425"]
[BlackElo "1681"]
[PlyCount "72"]
[EventDate "2022.04.21"]
[EventRounds "9"]

1. e4 {[%emt 0:00:01]} c5 {[%emt 0:00:24]} 2. Nf3 {[%emt 0:00:14]} d6 {[%emt 0:
00:06]} 3. d4 {[%emt 0:00:05]} cxd4 {[%emt 0:00:06]} 4. Nxd4 {[%emt 0:00:06]}
Nf6 {[%emt 0:00:04]} 5. Nc3 {[%emt 0:00:06]} a6 {[%emt 0:00:05]} 6. Be2 {
[%emt 0:00:13]} e6 {[%emt 0:00:10]} 7. Be3 {[%emt 0:00:05]} Be7 {[%emt 0:00:09]
} 8. O-O {[%emt 0:00:23]} Bd7 {[%emt 0:00:12]} 9. Bf3 {[%emt 0:00:13]} Nc6 {
[%emt 0:03:06]} 10. Nxc6 {[%emt 0:00:33]} Bxc6 {[%emt 0:00:13]} 11. e5 {
[%emt 0:00:08]} dxe5 {[%emt 0:03:20]} 12. Bxc6+ {[%emt 0:00:15]} bxc6 {[%emt 0:
00:06]} 13. Qxd8+ {[%emt 0:00:06]} Rxd8 {[%emt 0:00:14]} 14. Rad1 {[%emt 0:00:
17]} Rxd1 {[%emt 0:00:55]} 15. Rxd1 {[%emt 0:00:06]} Nd5 {[%emt 0:00:05]} 16.
Ne4 {[%emt 0:00:37]} Nxe3 {[%emt 0:01:12]} 17. fxe3 {[%emt 0:00:07]} c5 {
[%emt 0:02:22]} 18. c4 {[%emt 0:00:29]} f5 {[%emt 0:01:44]} 19. Nc3 {[%emt 0:
00:53]} Kf7 {[%emt 0:00:46]} 20. Rd7 {[%emt 0:00:31]} Rd8 {[%emt 0:00:37]} 21.
Rxd8 {[%emt 0:00:11]} Bxd8 {[%emt 0:00:08]} 22. Na4 {[%emt 0:00:08]} Be7 {
[%emt 0:01:15]} 23. Kf2 {[%emt 0:00:13]} f4 {[%emt 0:00:26]} 24. Kf3 {[%emt 0:
00:06]} fxe3 {[%emt 0:00:28]} 25. Kxe3 {[%emt 0:00:07]} Ke8 {[%emt 0:00:55]}
26. Ke4 {[%emt 0:00:08]} Bd6 {[%emt 0:00:12]} 27. b3 {[%emt 0:00:08]} Kd7 {
[%emt 0:00:43]} 28. Nb6+ {[%emt 0:00:15]} Kc6 {[%emt 0:02:46]} 29. Na4 {
[%emt 0:00:21]} a5 {[%emt 0:01:51]} 30. Nc3 {[%emt 0:00:10]} g5 {[%emt 0:04:01]
} 31. Nb5 {[%emt 0:00:24]} g4 {[%emt 0:09:32]} 32. Nxd6 {[%emt 0:00:02]} Kxd6 {
[%emt 0:00:05]} 33. g3 {[%emt 0:00:02]} h6 34. a4 {[%emt 0:00:03]} h5 35. Ke3 {
[%emt 0:00:03]} Ke7 {[%emt 0:00:02]} 36. Ke4 Kd6 1/2-1/2

[Event "European School Championships"]
[Site "Rhodes, Greece"]
[Date "2022.04.22"]
[Round "2.5"]
[White "Rutkowski, Feliks"]
[Black "Celik, Ali Alper"]
[Result "1/2-1/2"]
[WhiteElo "1300"]
[BlackElo "1534"]
[PlyCount "91"]
[EventDate "2022.04.21"]
[EventRounds "9"]

1. e4 {[%emt 0:00:04]} e6 {[%emt 0:00:07]} 2. d4 {[%emt 0:00:03]} d5 {[%emt 0:
00:05]} 3. e5 {[%emt 0:00:03]} c5 {[%emt 0:00:06]} 4. c3 {[%emt 0:00:04]} Qb6 {
[%emt 0:00:05]} 5. Nf3 {[%emt 0:00:05]} Nc6 {[%emt 0:00:07]} 6. a3 {[%emt 0:00:
05]} c4 {[%emt 0:00:06]} 7. Be2 {[%emt 0:00:45]} Bd7 {[%emt 0:00:25]} 8. Nbd2 {
[%emt 0:00:22]} Na5 {[%emt 0:00:19]} 9. O-O {[%emt 0:00:43]} Ne7 {[%emt 0:00:
15]} 10. Re1 {[%emt 0:13:19]} Nc8 {[%emt 0:01:23]} 11. Rb1 {[%emt 0:02:32]} Qc7
{[%emt 0:01:57]} 12. Ng5 {[%emt 0:10:37]} h6 {[%emt 0:09:24]} 13. Nh3 {[%emt 0:
01:15]} Nb6 {[%emt 0:01:17]} 14. Bg4 {[%emt 0:05:05]} g6 {[%emt 0:14:11]} 15.
Qf3 {[%emt 0:12:53]} Be7 {[%emt 0:05:57]} 16. Qg3 {[%emt 0:02:30]} O-O-O {
[%emt 0:01:50]} 17. Bd1 {[%emt 0:00:20]} Rdg8 {[%emt 0:04:53]} 18. b4 {[%emt 0:
09:03]} cxb3 {[%emt 0:01:25]} 19. Nxb3 {[%emt 0:00:08]} Nac4 {[%emt 0:00:54]}
20. Nd2 {[%emt 0:04:43]} a6 {[%emt 0:24:27]} 21. Nxc4 {[%emt 0:05:02]} Nxc4 {
[%emt 0:01:19]} 22. a4 {[%emt 0:03:04]} g5 {[%emt 0:04:57]} 23. Re2 {[%emt 0:
04:06]} Nb6 {[%emt 0:07:22]} 24. Reb2 {[%emt 0:04:34]} Nxa4 {[%emt 0:01:57]}
25. Rxb7 {[%emt 0:00:51]} Qxb7 {[%emt 0:00:05]} 26. Rxb7 {[%emt 0:00:32]} Kxb7
{[%emt 0:00:01]} 27. c4 {[%emt 0:02:49]} Nb6 {[%emt 0:03:24]} 28. c5 {[%emt 0:
01:26]} Nc4 {[%emt 0:00:17]} 29. Qb3+ {[%emt 0:02:13]} Bb5 {[%emt 0:00:36]} 30.
Be2 {[%emt 0:01:25]} Kc6 {[%emt 0:00:26]} 31. Bxc4 {[%emt 0:00:57]} dxc4 {
[%emt 0:00:16]} 32. Qf3+ {[%emt 0:01:00]} Kc7 {[%emt 0:04:33]} 33. Qxf7 Kd7 {
[%emt 0:01:43]} 34. d5 {[%emt 0:07:19]} exd5 {[%emt 0:00:49]} 35. Qxd5+ {
[%emt 0:00:36]} Kc7 {[%emt 0:00:17]} 36. Qf7 {[%emt 0:00:22]} Rd8 {[%emt 0:02:
17]} 37. g3 {[%emt 0:04:49]} Rd1+ {[%emt 0:01:09]} 38. Kg2 {[%emt 0:00:13]}
Bc6+ {[%emt 0:00:19]} 39. f3 {[%emt 0:00:13]} Re8 {[%emt 0:00:37]} 40. Qxc4 {
[%emt 0:02:44]} Rf8 {[%emt 0:00:36]} 41. Ng1 {[%emt 0:00:37]} a5 {[%emt 0:12:
34]} 42. Qc3 {[%emt 0:02:43]} Ra8 {[%emt 0:02:59]} 43. Qb3 {[%emt 0:06:19]} Re1
{[%emt 0:07:57]} 44. Qc3 {[%emt 0:13:55]} Rd1 {[%emt 0:00:08]} 45. Qb3 {
[%emt 0:05:19]} Re1 {[%emt 0:00:39]} 46. Qc3 {[%emt 0:04:09]} 1/2-1/2

[Event "European School Championships"]
[Site "Rhodes, Greece"]
[Date "2022.04.22"]
[Round "2.6"]
[White "Gabadadze, Gabriel"]
[Black "Gvasalia, Gaga"]
[Result "1-0"]
[WhiteElo "1507"]
[BlackElo "1211"]
[PlyCount "127"]
[EventDate "2022.04.21"]
[EventRounds "9"]

1. e4 {[%emt 0:03:45]} c5 {[%emt 0:00:07]} 2. Nf3 {[%emt 0:00:07]} e6 {[%emt 0:
00:04]} 3. d4 {[%emt 0:00:05]} cxd4 {[%emt 0:00:02]} 4. Nxd4 {[%emt 0:00:07]}
Nc6 {[%emt 0:00:04]} 5. Nb5 {[%emt 0:00:09]} d6 {[%emt 0:00:04]} 6. c4 {
[%emt 0:00:07]} Nf6 {[%emt 0:00:04]} 7. N1c3 {[%emt 0:00:12]} a6 {[%emt 0:00:
05]} 8. Nd4 {[%emt 0:00:11]} Bd7 {[%emt 0:00:04]} 9. Be2 {[%emt 0:00:15]} Rc8 {
[%emt 0:00:05]} 10. Nxc6 {[%emt 0:00:12]} Bxc6 {[%emt 0:00:06]} 11. Qd4 {
[%emt 0:00:20]} Be7 {[%emt 0:01:11]} 12. O-O {[%emt 0:00:18]} O-O {[%emt 0:00:
09]} 13. Rd1 {[%emt 0:00:56]} e5 {[%emt 0:02:01]} 14. Qe3 {[%emt 0:02:27]} Nd7
{[%emt 0:00:51]} 15. b4 {[%emt 0:02:59]} f5 {[%emt 0:05:51]} 16. b5 {[%emt 0:
02:42]} Bxe4 {[%emt 0:03:48]} 17. Nxe4 {[%emt 0:01:59]} fxe4 {[%emt 0:00:19]}
18. Qxe4 {[%emt 0:01:41]} Nc5 {[%emt 0:00:26]} 19. Qd5+ {[%emt 0:00:54]} Kh8 {
[%emt 0:01:24]} 20. Bg4 {[%emt 0:01:18]} Ra8 {[%emt 0:08:43]} 21. Be3 {[%emt 0:
01:32]} b6 {[%emt 0:01:00]} 22. a4 {[%emt 0:14:37]} a5 {[%emt 0:05:01]} 23. Qc6
{[%emt 0:04:13]} Rb8 {[%emt 0:06:58]} 24. Rd5 {[%emt 0:06:26]} h5 {[%emt 0:03:
34]} 25. Bh3 {[%emt 0:01:23]} g5 {[%emt 0:00:50]} 26. Bxc5 {[%emt 0:22:38]}
bxc5 {[%emt 0:00:17]} 27. Rad1 {[%emt 0:03:50]} Rb6 {[%emt 0:08:11]} 28. Qd7 {
[%emt 0:00:27]} Qxd7 {[%emt 0:00:29]} 29. Bxd7 {[%emt 0:00:11]} Rf4 {[%emt 0:
00:09]} 30. Rc1 {[%emt 0:00:38]} Kg7 {[%emt 0:00:58]} 31. Bc6 {[%emt 0:03:51]}
Kf7 {[%emt 0:11:16]} 32. Rd3 {[%emt 0:02:01]} Bf8 {[%emt 0:04:02]} 33. Bd5+ {
[%emt 0:00:21]} Ke7 34. g3 {[%emt 0:00:33]} Rf6 {[%emt 0:00:37]} 35. f3 {
[%emt 0:00:29]} Kd7 {[%emt 0:00:59]} 36. Kf2 {[%emt 0:00:33]} Kc7 {[%emt 0:01:
34]} 37. Ke3 {[%emt 0:00:33]} Rb8 {[%emt 0:01:27]} 38. Rb1 {[%emt 0:01:19]} Kb6
{[%emt 0:00:13]} 39. Be4 {[%emt 0:00:23]} Be7 {[%emt 0:00:27]} 40. Rf1 {
[%emt 0:00:20]} Rbf8 {[%emt 0:02:12]} 41. Ke2 {[%emt 0:01:11]} Bd8 {[%emt 0:09:
49]} 42. Bd5 {[%emt 0:00:55]} Ka7 {[%emt 0:01:54]} 43. Re3 {[%emt 0:00:30]} Bb6
{[%emt 0:00:19]} 44. Kd3 {[%emt 0:00:17]} Kb8 {[%emt 0:00:42]} 45. Rd1 {
[%emt 0:01:13]} g4 {[%emt 0:00:35]} 46. Rf1 {[%emt 0:01:05]} Kc7 {[%emt 0:01:
26]} 47. Ke2 {[%emt 0:00:22]} Kd7 {[%emt 0:02:39]} 48. Rd3 {[%emt 0:00:10]} Ke7
{[%emt 0:00:34]} 49. Rf2 {[%emt 0:00:23]} Rh8 {[%emt 0:04:46]} 50. Rd1 {
[%emt 0:01:17]} Rh7 {[%emt 0:25:32]} 51. Rdf1 {[%emt 0:00:26]} Bd8 {[%emt 0:01:
05]} 52. fxg4 {[%emt 0:04:21]} Rxf2+ {[%emt 0:00:11]} 53. Rxf2 {[%emt 0:00:10]}
hxg4 {[%emt 0:00:04]} 54. Ke3 {[%emt 0:01:12]} Bb6 {[%emt 0:01:03]} 55. Ke4 {
[%emt 0:00:52]} Bc7 {[%emt 0:03:35]} 56. Bb7 {[%emt 0:00:54]} Kd7 {[%emt 0:02:
01]} 57. Kd5 {[%emt 0:02:47]} Bd8 {[%emt 0:03:32]} 58. Bc6+ {[%emt 0:03:08]}
Ke7 {[%emt 0:03:31]} 59. Bb7 {[%emt 0:01:10]} Kd7 {[%emt 0:00:56]} 60. Ke4 {
[%emt 0:01:58]} Ke7 {[%emt 0:00:34]} 61. Bc8 {[%emt 0:00:54]} Rg7 {[%emt 0:02:
15]} 62. Kd5 {[%emt 0:00:20]} Bb6 {[%emt 0:02:44]} 63. Kc6 {[%emt 0:00:22]} Kd8
64. Be6 {[%emt 0:01:44]} 1-0

[Event "European School Championships"]
[Site "Rhodes, Greece"]
[Date "2022.04.23"]
[Round "3.1"]
[White "Murawski, Jan"]
[Black "Erdogmus, Yagiz Kaan"]
[Result "0-1"]
[WhiteElo "1439"]
[BlackElo "2358"]
[PlyCount "68"]
[EventDate "2022.04.21"]
[EventRounds "9"]

1. d4 {[%emt 0:00:01]} Nf6 {[%emt 0:00:11]} 2. Bg5 {[%emt 0:00:07]} Ne4 {
[%emt 0:00:26]} 3. Bf4 {[%emt 0:00:11]} d5 {[%emt 0:00:31]} 4. e3 {[%emt 0:01:
04]} c5 5. Nd2 {[%emt 0:00:43]} Nxd2 {[%emt 0:02:06]} 6. Qxd2 {[%emt 0:00:11]}
Nc6 {[%emt 0:01:09]} 7. Nf3 {[%emt 0:00:38]} e6 {[%emt 0:01:17]} 8. c3 {
[%emt 0:05:33]} Be7 {[%emt 0:00:47]} 9. Bd3 {[%emt 0:00:21]} O-O {[%emt 0:01:
40]} 10. O-O {[%emt 0:02:55]} b6 {[%emt 0:04:33]} 11. Bg3 {[%emt 0:12:00]} Bb7
{[%emt 0:02:20]} 12. Ne5 {[%emt 0:02:36]} Nxe5 {[%emt 0:11:40]} 13. Bxe5 {
[%emt 0:00:10]} c4 {[%emt 0:02:35]} 14. Bc2 {[%emt 0:01:35]} b5 {[%emt 0:00:49]
} 15. a4 {[%emt 0:03:11]} a6 {[%emt 0:00:34]} 16. b4 {[%emt 0:02:17]} cxb3 {
[%emt 0:16:02]} 17. Bxb3 {[%emt 0:00:10]} Bc6 {[%emt 0:02:22]} 18. Rfb1 {
[%emt 0:03:14]} Qd7 {[%emt 0:02:20]} 19. Qd1 {[%emt 0:02:02]} Rfc8 {[%emt 0:02:
10]} 20. axb5 {[%emt 0:09:47]} Bxb5 {[%emt 0:01:07]} 21. Rc1 {[%emt 0:14:50]}
a5 {[%emt 0:01:37]} 22. e4 {[%emt 0:07:11]} a4 {[%emt 0:04:09]} 23. Bc2 {
[%emt 0:00:11]} g6 {[%emt 0:17:34]} 24. Qd2 {[%emt 0:09:11]} f6 {[%emt 0:01:26]
} 25. Bg3 {[%emt 0:03:01]} Bc4 {[%emt 0:03:07]} 26. Qh6 {[%emt 0:01:49]} a3 {
[%emt 0:07:30]} 27. Re1 {[%emt 0:04:04]} a2 {[%emt 0:01:16]} 28. exd5 {[%emt 0:
04:09]} Bxd5 {[%emt 0:00:17]} 29. Re3 {[%emt 0:01:07]} Ba3 {[%emt 0:02:02]} 30.
Bxg6 {[%emt 0:04:01]} hxg6 {[%emt 0:00:19]} 31. Bd6 {[%emt 0:00:45]} Qg7 {
[%emt 0:00:41]} 32. Qf4 {[%emt 0:00:26]} Bb2 {[%emt 0:00:20]} 33. Rh3 {[%emt 0:
00:23]} Bxa1 {[%emt 0:00:14]} 34. Be7 {[%emt 0:00:06]} Bxc3 {[%emt 0:00:32]}
0-1

[Event "European School Championships"]
[Site "Rhodes, Greece"]
[Date "2022.04.23"]
[Round "3.2"]
[White "Kuru, Atilla"]
[Black "Gabadadze, Gabriel"]
[Result "0-1"]
[WhiteElo "2029"]
[BlackElo "1507"]
[PlyCount "60"]
[EventDate "2022.04.21"]
[EventRounds "9"]

1. e4 {[%emt 0:00:01]} c5 {[%emt 0:00:03]} 2. Nf3 {[%emt 0:00:06]} e6 {[%emt 0:
00:07]} 3. d4 {[%emt 0:00:04]} cxd4 {[%emt 0:00:04]} 4. Nxd4 {[%emt 0:00:05]}
a6 {[%emt 0:00:06]} 5. c4 {[%emt 0:00:04]} Nf6 {[%emt 0:00:04]} 6. Nc3 {
[%emt 0:00:06]} Bb4 {[%emt 0:00:08]} 7. Bd3 {[%emt 0:00:01]} Nc6 {[%emt 0:00:
12]} 8. Nc2 {[%emt 0:00:05]} Bxc3+ {[%emt 0:00:21]} 9. bxc3 {[%emt 0:00:02]} d5
{[%emt 0:00:23]} 10. exd5 {[%emt 0:00:06]} exd5 {[%emt 0:00:06]} 11. Ba3 {
[%emt 0:00:08]} Be6 {[%emt 0:01:45]} 12. Qe2 {[%emt 0:00:13]} Qc7 {[%emt 0:02:
08]} 13. O-O {[%emt 0:10:23]} Qe5 {[%emt 0:01:51]} 14. Ne3 {[%emt 0:02:27]}
dxc4 {[%emt 0:21:26]} 15. Bxc4 {[%emt 0:00:18]} Bxc4 {[%emt 0:00:53]} 16. Qxc4
{[%emt 0:00:02]} Qe6 {[%emt 0:01:30]} 17. Rfe1 {[%emt 0:00:25]} O-O-O {[%emt 0:
01:39]} 18. Qa4 {[%emt 0:00:11]} Rhe8 {[%emt 0:01:58]} 19. h3 {[%emt 0:04:41]}
Ne5 {[%emt 0:08:30]} 20. Reb1 {[%emt 0:02:00]} Qc6 {[%emt 0:03:11]} 21. Qb3 {
[%emt 0:00:38]} Nh5 {[%emt 0:01:35]} 22. Rb2 {[%emt 0:01:56]} Nf4 {[%emt 0:02:
23]} 23. Qc2 {[%emt 0:02:16]} Ned3 {[%emt 0:01:57]} 24. Rb3 {[%emt 0:03:17]}
Re6 {[%emt 0:03:02]} 25. Kh2 {[%emt 0:02:18]} Rg6 {[%emt 0:01:05]} 26. Rg1 {
[%emt 0:00:03]} Qe6 {[%emt 0:14:51]} 27. g4 {[%emt 0:09:37]} h5 {[%emt 0:08:07]
} 28. Nf5 {[%emt 0:00:05]} hxg4 {[%emt 0:02:30]} 29. Ne7+ {[%emt 0:00:08]} Kc7
{[%emt 0:00:45]} 30. Rgb1 {[%emt 0:08:50]} g3+ {[%emt 0:00:28]} 0-1

[Event "European School Championships"]
[Site "Rhodes, Greece"]
[Date "2022.04.23"]
[Round "3.3"]
[White "Grose, Kameron"]
[Black "Rutkowski, Feliks"]
[Result "0-1"]
[WhiteElo "1681"]
[BlackElo "1300"]
[PlyCount "106"]
[EventDate "2022.04.21"]
[EventRounds "9"]

1. e4 {[%emt 0:00:06]} c5 {[%emt 0:00:06]} 2. Nf3 {[%emt 0:00:12]} e6 {[%emt 0:
00:05]} 3. d4 {[%emt 0:00:06]} cxd4 {[%emt 0:00:04]} 4. Nxd4 {[%emt 0:00:11]}
Nc6 {[%emt 0:00:03]} 5. Nc3 {[%emt 0:00:06]} Qc7 {[%emt 0:00:04]} 6. Be3 {
[%emt 0:00:16]} a6 {[%emt 0:00:06]} 7. Qf3 {[%emt 0:00:11]} b5 {[%emt 0:01:11]}
8. O-O-O {[%emt 0:00:57]} Bb7 {[%emt 0:01:00]} 9. Nxc6 {[%emt 0:04:42]} Bxc6 {
[%emt 0:00:08]} 10. Bd3 {[%emt 0:02:47]} Nf6 {[%emt 0:01:12]} 11. Bf4 {[%emt 0:
02:30]} d6 {[%emt 0:05:48]} 12. Rhe1 b4 {[%emt 0:06:01]} 13. Nd5 {[%emt 0:03:
45]} Nxd5 {[%emt 0:01:57]} 14. exd5 {[%emt 0:00:09]} Bb7 {[%emt 0:02:49]} 15.
Be4 {[%emt 0:01:56]} e5 {[%emt 0:01:48]} 16. Bd2 {[%emt 0:06:05]} a5 {[%emt 0:
00:44]} 17. Bd3 {[%emt 0:01:26]} Ba6 {[%emt 0:01:55]} 18. Bxa6 {[%emt 0:00:12]}
Rxa6 {[%emt 0:00:06]} 19. Qd3 {[%emt 0:00:06]} Qb7 {[%emt 0:02:12]} 20. f4 {
[%emt 0:00:25]} f6 {[%emt 0:00:54]} 21. fxe5 {[%emt 0:07:58]} dxe5 {[%emt 0:01:
04]} 22. Be3 {[%emt 0:00:58]} Bd6 {[%emt 0:02:18]} 23. g4 {[%emt 0:02:16]} O-O
{[%emt 0:02:19]} 24. Rf1 {[%emt 0:01:47]} a4 {[%emt 0:13:39]} 25. g5 {[%emt 0:
05:12]} b3 {[%emt 0:00:17]} 26. cxb3 {[%emt 0:06:39]} axb3 {[%emt 0:05:59]} 27.
Qxb3 {[%emt 0:04:16]} Qc7+ {[%emt 0:00:23]} 28. Qc2 {[%emt 0:06:42]} Qd7 {
[%emt 0:12:38]} 29. Kb1 {[%emt 0:10:53]} Rfa8 {[%emt 0:07:42]} 30. b3 {[%emt 0:
09:12]} Rxa2 {[%emt 0:16:04]} 31. Qxa2 {[%emt 0:00:07]} Rxa2 {[%emt 0:00:08]}
32. Kxa2 {[%emt 0:00:09]} fxg5 {[%emt 0:00:06]} 33. Bxg5 {[%emt 0:05:24]} Qg4 {
[%emt 0:00:47]} 34. Bc1 {[%emt 0:01:25]} Qe2+ {[%emt 0:01:50]} 35. Bb2 {
[%emt 0:02:24]} e4 {[%emt 0:02:58]} 36. Rc1 {[%emt 0:00:51]} h6 {[%emt 0:00:15]
} 37. Rfe1 {[%emt 0:00:44]} Qa6+ {[%emt 0:04:17]} 38. Kb1 {[%emt 0:01:04]} Qd3+
{[%emt 0:00:16]} 39. Ka1 {[%emt 0:00:56]} Qxb3 {[%emt 0:00:26]} 40. Rxe4 {
[%emt 0:01:49]} Qxd5 {[%emt 0:02:12]} 41. Re2 {[%emt 0:03:55]} Qb7 {[%emt 0:03:
54]} 42. Rcc2 {[%emt 0:00:25]} Kh7 {[%emt 0:02:05]} 43. Rg2 {[%emt 0:01:16]} g6
{[%emt 0:02:12]} 44. Rce2 {[%emt 0:03:47]} g5 {[%emt 0:02:51]} 45. Rgf2 {
[%emt 0:01:24]} Bf4 {[%emt 0:02:32]} 46. Kb1 {[%emt 0:02:00]} Qd7 {[%emt 0:01:
36]} 47. Kc2 {[%emt 0:00:50]} Kg6 {[%emt 0:00:43]} 48. Bc3 {[%emt 0:01:25]} h5
{[%emt 0:03:22]} 49. Bd2 {[%emt 0:01:28]} Qf5+ {[%emt 0:01:31]} 50. Kc3 {
[%emt 0:00:23]} Be5+ {[%emt 0:03:38]} 51. Kc4 {[%emt 0:00:34]} Qe6+ {[%emt 0:
00:18]} 52. Kd3 {[%emt 0:02:11]} Qd5+ {[%emt 0:00:12]} 53. Kc2 {[%emt 0:04:31]}
Qc4+ {[%emt 0:00:06]} 0-1